000 00348nam a2200133Ia 4500
005 20260326100037.0
008 260326s9999||||xx |||||||||||||| ||und||
100 _aKliczkowski, Guillermo Raúl
245 0 _aEsrubilsky Arquitectos /
_cGuillermo Raúl Kliczkowski
260 _bKliczkowski
300 _a119 p.
650 _aARQUITECTOS
942 _cBK
999 _c6832
_d6832